000 00632nam a2200229 i 4500
001 C2-0228486
003 PPAK
005 20180728155545.0
008 000822s1958 enka|||| ||||| | eng d
040 _aPPAK
_beng
_cPPAK
_erda
082 0 4 _a584.15
_223
090 0 0 _a584.15
_bMAT
_dKSI
100 1 _aMatho, Karl,
_eauthor
245 1 0 _aOrchid growing:
_bfor everyone
264 1 _aLondon :
_bBlandford Press ,
_c1958
300 _a170 pages :
_bcolour illustrations ;
_c21 cm
336 _2rdacontent
_atext
337 _2rdamedia
_aunmediated
338 _2rdacarrier
_avolume
650 1 0 _aOrchid culture
942 _ddc
_cB
999 _c148316
_d148316